Office 2000 : manual de referencia / Stephen L. Nelson (Registro nro. 16885)
[ vista simple ]
| 000 -LÍDER | |
|---|---|
| fixed length control field | 00783nam a2200157 4500 |
| 008 - ELEMENTOS DE LONGITUD FIJA -- INFORMACIÓN GENERAL | |
| fixed length control field | 0 2000 0ant 000 0ESP |
| 020 ## - NÚMERO INTERNACIONAL NORMALIZADO PARA LIBROS | |
| ISBN | 84-481-2525-8 |
| 050 ## - SIGNATURA TOPOGRAFICA DE LA BIBLIOTECA DEL CONGRESO (LC) | |
| Número de Clasificación | HF5548.4.M525 N418 2000 |
| 082 ## - NUMERO DE CLASIFICACION DECIMAL DEWEY | |
| Número de Clasificación | 005.369.21 N425o |
| 100 ## - ASIENTO PRINCIPAL--NOMBRE PERSONAL | |
| Nombre personal | Nelson, Stephen L. |
| 245 ## - TÍTULO | |
| Título | Office 2000 : manual de referencia / Stephen L. Nelson |
| 260 ## - PUBLICACIÓN, DISTRIBUCIÓN, ETC. (PIE DE IMPRENTA) | |
| Lugar de publicación, distribución, etc. | Madrid, España : McGraw Hill |
| 300 ## - DESCRIPCIÓN FÍSICA | |
| Extensión | xxxv, 910 p /. 24 cm. |
| 500 ## - NOTA GENERAL | |
| Nota general | Office 2000. Manual de referencia le enseñará toda la potencia del famoso software integrado de microsoft, a trav‚s de multitud de trucos, sugerencias y técnicas de los expertos sobre cada una de las aplicaciones que lo integran : word, excel, access, powerpoint, outlook y publisher. |
| 650 ## - ASIENTO SECUNDARIO DE MATERIA - TERMINO TEMÁTICO | |
| Término temático o nombre geográfico como elemento de entrada | 1.MICROSOFT OFFICE 2000 (PROGRAMA PARA COMPUTADORA) |
| No. biblioteca | No. biblioteca | Número de clasificación | Código de barras/Número de adquisición | Número de copia | Tipo de material |
|---|---|---|---|---|---|
| LUIS G. INCLAN | LUIS G. INCLAN | 005.369.21 N425o | 43193 | 1 | Libros |
